Indian marine directory 1983 : the complete reference book on Indian sub-continent shipping, 1983 (Record no. 5597)

000 -LEADER
fixed length control field 00457nam a2200133Ia 4500
008 - FIXED-LENGTH DATA ELEMENTS--GENERAL INFORMATION
fixed length control field 201214s9999 xx 000 0 und d
100 ## - MAIN ENTRY--PERSONAL NAME
Personal name Modi, Nikhil N.
9 (RLIN) 4492
245 #0 - TITLE STATEMENT
Title Indian marine directory 1983 : the complete reference book on Indian sub-continent shipping, 1983
260 ## - PUBLICATION, DISTRIBUTION, ETC. (IMPRINT)
Place of publication, distribution, etc Bombay
Name of publisher, distributor, etc Daily-Shipping Times
Date of publication, distribution, etc 1983
300 ## - PHYSICAL DESCRIPTION
Extent 157p.
650 #0 - SUBJECT ADDED ENTRY--TOPICAL TERM
Topical term or geographic name as entry element Marine Directory
700 ## - ADDED ENTRY--PERSONAL NAME
9 (RLIN) 4494
Personal name Modi, Nikhil N. (Ed.)
942 ## - ADDED ENTRY ELEMENTS (KOHA)
Item type Books
Source of classification or shelving scheme
Holdings
Withdrawn status Lost status Source of classification or shelving scheme Damaged status Not for loan Permanent location Current location Date acquired Full call number Barcode Date last seen Koha item type
          IMU Kolkata IMU Kolkata 2020-12-14 387.502554 M7211 PM00530 2020-12-14 Books
Designed and Maintained by IMU-KC Library, Kolkata Campus © Copyright All Rights Reserved

webs counters

Powered by Koha